[Event "Anapa op-B"]
[Site "Anapa"]
[Date "2010.09.08"]
[Round "7"]
[White "Sheremeta, Yuri"]
[Black "Maiorov, Boris"]
[Result "1/2-1/2"]
[WhiteElo "2098"]
[BlackElo "2293"]
[PlyCount "83"]
[EventDate "2010.08.31"]
[EventType "swiss"]
[EventRounds "9"]
[EventCountry "RUS"]
[SourceTitle "EXT 2013"]
[Source "ChessBase"]
[SourceDate "2012.11.22"]
[SourceVersion "1"]
[SourceVersionDate "2012.11.22"]
[SourceQuality "1"]

1. d4 d5 2. Nf3 Nf6 3. g3 e6 4. c4 dxc4 5. Qa4+ Bd7 6. Qxc4 Bc6 7. Bg2 Nbd7 8. 0-0 Bd5 9. Qd3 c5 10. Nc3 Bc6 11. e4 cxd4 12. Nxd4 Ne5 13. Qd1 Bc5 14. Nxc6 Qxd1 15. Rxd1 Nxc6 16. h3 Nd7 17. b3 Bd4 18. Bb2 Rc8 19. Rab1 a6 20. Ne2 Bxb2 21. Rxb2 Ke7 22. f4 f6 23. Kf2 e5 24. Nc3 Nd4 25. Nd5+ Kf7 26. h4 Rc6 27. Bh3 Rd8 28. Rbd2 Nc5 29. Ke3 Rcd6 30. fxe5 fxe5 31. Rf1+ Kg6 32. Rdf2 Kh6 33. Ne7 g6 34. Rc1 Nd3 35. Kxd3 Nxb3+ 36. Kc2 Nxc1 37. Kxc1 Rd3 38. Be6 Rc3+ 39. Kb2 Rxg3 40. Ng8+ Kh5 41. Nf6+ Kh6 42. Ng8+ 1/2-1/2

[Event "Anapa op-B"]
[Site "Anapa"]
[Date "2010.09.03"]
[Round "3"]
[White "Kopeikin, Yuri"]
[Black "Maiorov, Boris"]
[Result "1/2-1/2"]
[WhiteElo "2107"]
[BlackElo "2293"]
[PlyCount "57"]
[EventDate "2010.08.31"]
[EventType "swiss"]
[EventRounds "9"]
[EventCountry "RUS"]
[SourceTitle "EXT 2013"]
[Source "ChessBase"]
[SourceDate "2012.11.22"]
[SourceVersion "1"]
[SourceVersionDate "2012.11.22"]
[SourceQuality "1"]

1. d4 d5 2. c4 dxc4 3. Nf3 Nf6 4. Nc3 e6 5. e3 c5 6. Bxc4 a6 7. a4 Nc6 8. 0-0 Be7 9. Qd3 cxd4 10. exd4 0-0 11. Bg5 Nb4 12. Qd2 Qc7 13. Bb3 Rd8 14. Rfc1 Qa5 15. Ne5 Nc6 16. Nxc6 bxc6 17. Rd1 Qb6 18. Ba2 e5 19. Qe2 Bg4 20. f3 Bh5 21. Qxe5 Bd6 22. Qe2 Re8 23. Qf2 Rab8 24. Bxf6 gxf6 25. Ne4 Rxe4 26. fxe4 Bxd1 27. Rxd1 Qxb2 28. Qxb2 Rxb2 29. Bc4 1/2-1/2

[Event "Armavir Kovcheg Rating"]
[Site "Armavir"]
[Date "2008.11.20"]
[Round "8"]
[White "Maiorov, Boris"]
[Black "Fomichenko, Eduard"]
[Result "1/2-1/2"]
[WhiteElo "2304"]
[BlackElo "2516"]
[PlyCount "49"]
[EventDate "2008.11.14"]
[EventType "tourn"]
[EventRounds "9"]
[EventCountry "RUS"]
[EventCategory "4"]
[SourceTitle "EXT 2022"]
[Source "ChessBase"]
[SourceDate "2021.10.06"]
[SourceVersion "1"]
[SourceVersionDate "2021.10.06"]
[SourceQuality "1"]

1. Nf3 d5 2. g3 c6 3. Bg2 Bg4 4. 0-0 Nd7 5. d4 e6 6. b3 Ngf6 7. Bb2 Be7 8. Nbd2 0-0 9. c4 a5 10. Re1 a4 11. e4 dxe4 12. Nxe4 axb3 13. axb3 Rxa1 14. Qxa1 Nxe4 15. Rxe4 Nf6 16. Re1 Qb6 17. Qa4 Nd7 18. Bc3 Rc8 19. Nd2 Bf5 20. Be4 Bxe4 21. Nxe4 Nf6 22. Nxf6+ Bxf6 23. Rd1 Re8 24. Qb4 Qxb4 25. Bxb4 1/2-1/2

[Event "Armavir Kovcheg Rating"]
[Site "Armavir"]
[Date "2008.11.18"]
[Round "6"]
[White "Maiorov, Boris"]
[Black "Maiorov, Oleg Ivanovich"]
[Result "0-1"]
[WhiteElo "2304"]
[BlackElo "2417"]
[PlyCount "92"]
[EventDate "2008.11.14"]
[EventType "tourn"]
[EventRounds "9"]
[EventCountry "RUS"]
[EventCategory "4"]
[SourceTitle "EXT 2022"]
[Source "ChessBase"]
[SourceDate "2021.10.06"]
[SourceVersion "1"]
[SourceVersionDate "2021.10.06"]
[SourceQuality "1"]

1. d4 d5 2. c4 c6 3. Nc3 e6 4. e4 dxe4 5. Nxe4 Bb4+ 6. Bd2 Qxd4 7. Bxb4 Qxe4+ 8. Be2 Na6 9. Ba5 b6 10. Qd6 Bd7 11. 0-0-0 0-0-0 12. Bc3 f6 13. Qa3 Kb7 14. Bf3 Qf4+ 15. Kb1 e5 16. Ne2 Qxc4 17. Ng3 Nc7 18. Be2 Qf4 19. f3 Nh6 20. Bd3 c5 21. Be4+ Bc6 22. Bxc6+ Kxc6 23. Ne4 Nb5 24. Qb3 Nd4 25. Bxd4 exd4 26. Rc1 Qc7 27. a4 Rd5 28. a5 Rhd8 29. axb6 axb6 30. Rc4 Ra8 31. Rd1 Nf5 32. Ra4 Rxa4 33. Qxa4+ Kb7 34. Rd3 c4 35. Rd2 Ne3 36. g4 d3 37. Qe8 Nc2 38. Qe6 Ra5 39. b4 cxb3 40. Nd6+ Ka8 41. Qxb3 Na3+ 42. Kb2 Qxd6 43. Rxd3 Qe5+ 44. Kc1 Rc5+ 45. Kd1 Qa1+ 46. Ke2 Rc2+ 0-1

[Event "Krasnodar"]
[Site "Krasnodar"]
[Date "2006.03.??"]
[Round "?"]
[White "Bondarev, Boris"]
[Black "Maiorov, Boris"]
[Result "0-1"]
[WhiteElo "1928"]
[BlackElo "2312"]
[PlyCount "56"]
[EventDate "2006.03.??"]
[EventType "tourn"]
[EventRounds "9"]
[EventCountry "RUS"]
[SourceTitle "CBM 111 Extra"]
[Source "ChessBase"]
[SourceDate "2006.05.09"]
[SourceVersion "1"]
[SourceVersionDate "2006.05.09"]
[SourceQuality "1"]

1. d4 d5 2. c4 dxc4 3. e3 Nf6 4. Bxc4 e6 5. Nf3 c5 6. 0-0 a6 7. a4 Nc6 8. Nc3 Be7 9. Ne2 0-0 10. Qc2 cxd4 11. Nexd4 Bd7 12. Rd1 Qc7 13. Bd3 Rac8 14. Qe2 Rfd8 15. b3 Nxd4 16. exd4 Bc6 17. Bg5 Qb6 18. Rab1 Bxf3 19. Qxf3 Nd5 20. Bxe7 Nxe7 21. Bc4 Rd7 22. Rd3 Rxc4 23. a5 Qb4 24. Qf4 Rc8 25. h4 Ng6 26. Qe4 Qxa5 27. g4 Qd5 28. Qh1 Nf4 0-1

[Event "Krasnodar Stepanov Memorial op"]
[Site "Krasnodar"]
[Date "2004.10.??"]
[Round "6"]
[White "Gochelashvili, David"]
[Black "Maiorov, Boris"]
[Result "1/2-1/2"]
[WhiteElo "2331"]
[BlackElo "2290"]
[PlyCount "91"]
[EventDate "2004.10.??"]
[EventType "swiss"]
[EventRounds "9"]
[EventCountry "RUS"]
[SourceTitle "EXT 2006"]
[Source "ChessBase"]
[SourceDate "2005.11.24"]
[SourceVersion "1"]
[SourceVersionDate "2005.11.24"]
[SourceQuality "1"]

1. d4 d5 2. Nf3 Nc6 3. Bf4 Bf5 4. e3 e6 5. c4 Nb4 6. Na3 c6 7. Qa4 Be7 8. c5 a5 9. Qb3 b6 10. Rc1 Nf6 11. Ne5 bxc5 12. dxc5 Ne4 13. Nxc6 Nxc6 14. Qb6 Qxb6 15. cxb6 Bb4+ 16. Ke2 Nd8 17. Nb5 0-0 18. a3 g5 19. axb4 gxf4 20. Nc7 Nb7 21. Nxa8 Rxa8 22. f3 Ned6 23. Ra1 Nc4 24. bxa5 Rxa5 25. Rxa5 Nbxa5 26. exf4 Nxb2 27. Kf2 Na4 28. g4 Bg6 29. Bh3 Nxb6 30. f5 exf5 31. gxf5 Kg7 32. fxg6 hxg6 33. Ke3 Kf6 34. f4 Nb3 35. Rb1 Nc4+ 36. Kf2 Nc5 37. Rb5 Ne6 38. Kg3 Ne3 39. Ra5 d4 40. Kf3 Nc4 41. Ra6 Nd2+ 42. Ke2 Ne4 43. Rc6 N4c5 44. Rb6 Ke7 45. Kf3 f5 46. Bf1 1/2-1/2

[Event "Maikop op"]
[Site "Maikop"]
[Date "2004.04.??"]
[Round "8"]
[White "Maiorov, Boris"]
[Black "Shirshikov, Nikolai"]
[Result "0-1"]
[WhiteElo "2290"]
[BlackElo "2191"]
[PlyCount "46"]
[EventDate "2004.04.??"]
[EventType "swiss"]
[EventRounds "9"]
[EventCountry "RUS"]
[SourceTitle "EXT 2006"]
[Source "ChessBase"]
[SourceDate "2005.11.24"]
[SourceVersion "1"]
[SourceVersionDate "2005.11.24"]
[SourceQuality "1"]

1. e4 c5 2. Nf3 Nc6 3. Nc3 g6 4. Bb5 Bg7 5. 0-0 Nf6 6. e5 Ng4 7. Bxc6 bxc6 8. Qe2 0-0 9. h3 Nh6 10. Re1 d5 11. d4 cxd4 12. Nxd4 Nf5 13. Nxc6 Qb6 14. Qb5 Bb7 15. Na5 Nd4 16. Qa4 Nxc2 17. Qxc2 Qxa5 18. Bf4 Rac8 19. Qb3 Ba8 20. Rad1 Rb8 21. Qc2 Qb4 22. Bc1 d4 23. a3 Qc5 0-1

[Event "RUS-ch 1/2 fin"]
[Site "Krasnodar"]
[Date "2002.??.??"]
[Round "?"]
[White "Volkov, Vijcheslav"]
[Black "Maiorov, Boris"]
[Result "0-1"]
[WhiteElo "2153"]
[BlackElo "2309"]
[PlyCount "78"]
[EventDate "2002.??.??"]
[EventType "swiss"]
[EventRounds "9"]
[EventCountry "RUS"]
[SourceTitle "EXT 2003"]
[Source "ChessBase"]
[SourceDate "2002.11.25"]
[SourceVersion "1"]
[SourceVersionDate "2002.11.25"]
[SourceQuality "1"]

1. d4 d5 2. Bg5 c5 3. dxc5 Nc6 4. c3 g6 5. Nf3 Bg7 6. e3 Nf6 7. Nbd2 0-0 8. Bb5 Bg4 9. h3 Bxf3 10. Qxf3 Ne5 11. Qe2 Ne4 12. Nxe4 dxe4 13. Qc2 Nd3+ 14. Ke2 Nxc5 15. Rhd1 Qc7 16. Bf4 Qb6 17. Bc4 Rac8 18. a4 a5 19. Rd2 Kh8 20. Rad1 Qc6 21. Bb5 Qe6 22. Bd7 Qc4+ 23. Ke1 Nd3+ 24. Rxd3 exd3 25. Qxd3 Qxd3 26. Rxd3 Rc5 27. e4 Rc4 28. f3 f5 29. Bg5 fxe4 30. Re3 exf3 31. gxf3 Bf6 32. h4 Bxg5 33. hxg5 Rc5 34. Rxe7 Rxg5 35. Kf2 h5 36. b4 axb4 37. cxb4 Rd5 38. Be8 Rd3 39. Bxg6 Rfxf3+ 0-1

[Event "RUS-ch sf"]
[Site "Krasnodar"]
[Date "1999.??.??"]
[Round "2"]
[White "Maiorov, Boris"]
[Black "Dzhakaev, Dzhakay"]
[Result "0-1"]
[WhiteElo "2293"]
[BlackElo "2395"]
[PlyCount "84"]
[EventDate "1999.??.??"]
[EventType "swiss"]
[EventRounds "9"]
[EventCountry "RUS"]
[SourceTitle "EXT 2002"]
[Source "ChessBase"]
[SourceDate "2001.11.25"]
[SourceVersion "1"]
[SourceVersionDate "2001.11.25"]
[SourceQuality "1"]

1. e4 d6 2. d4 Nf6 3. Nc3 g6 4. f4 Bg7 5. Nf3 c6 6. Bd3 Na6 7. 0-0 0-0 8. a4 Nb4 9. e5 dxe5 10. dxe5 Ng4 11. Be4 Qb6+ 12. Qd4 Qxd4+ 13. Nxd4 f5 14. Bf3 Rd8 15. Rd1 g5 16. h3 Nh6 17. g3 g4 18. hxg4 Nxg4 19. Bxg4 fxg4 20. Be3 a5 21. Ne4 Nxc2 22. Nxc2 Bf5 23. Bb6 Rxd1+ 24. Rxd1 Bxe4 25. Ne3 h5 26. Rd4 Bf3 27. Rd7 e6 28. Re7 h4 29. gxh4 Rf8 30. Rxe6 Rxf4 31. Re7 Rb4 32. Bc5 Rf4 33. e6 g3 34. Re8+ Kh7 35. e7 Rxh4 36. Ng2 Re4 37. Rb8 Bh5 38. Rxb7 Rc4 39. Be3 Rxa4 40. Nf4 Bf3 41. Nd3 Ra1+ 42. Nc1 Rxc1+ 0-1

[Event "RUS-ch sf"]
[Site "Krasnodar"]
[Date "1999.??.??"]
[Round "1"]
[White "Tunik, Gennady"]
[Black "Maiorov, Boris"]
[Result "1/2-1/2"]
[WhiteElo "2474"]
[BlackElo "2293"]
[PlyCount "119"]
[EventDate "1999.??.??"]
[EventType "swiss"]
[EventRounds "9"]
[EventCountry "RUS"]
[SourceTitle "EXT 2002"]
[Source "ChessBase"]
[SourceDate "2001.11.25"]
[SourceVersion "1"]
[SourceVersionDate "2001.11.25"]
[SourceQuality "1"]

1. d4 d5 2. c4 e6 3. Nf3 c6 4. Qc2 Nf6 5. Bg5 h6 6. Bxf6 Qxf6 7. Nbd2 Bb4 8. Rc1 0-0 9. e3 Nd7 10. Be2 dxc4 11. Qxc4 Bxd2+ 12. Nxd2 e5 13. dxe5 Qxe5 14. Qc3 Qxc3 15. Rxc3 Nb6 16. Rc1 Be6 17. a3 a5 18. Nf3 Rfc8 19. Nd4 Bd5 20. f3 c5 21. Nf5 Kf8 22. Kf2 Be6 23. Nd6 Rc7 24. Nb5 Rcc8 25. Rhd1 Na4 26. Nd6 Rc7 27. b4 axb4 28. axb4 Ke7 29. e4 c4 30. Nb5 Rcc8 31. Nd4 Nb6 32. Ra1 Na4 33. Rdc1 Nb6 34. Ra5 Rxa5 35. bxa5 Nd7 36. Nxe6 fxe6 37. Rxc4 Rxc4 38. Bxc4 Nb8 39. f4 Nc6 40. a6 bxa6 41. Bxa6 e5 42. Bb7 Nd8 43. Bd5 exf4 44. Kf3 g5 45. e5 Ne6 46. Bxe6 Kxe6 47. Ke4 h5 48. h4 f3 49. gxf3 g4 50. f4 Ke7 51. f5 Kf7 52. e6+ Kf6 53. Kd4 Ke7 54. Ke5 g3 55. f6+ Ke8 56. Kd6 g2 57. f7+ Kf8 58. e7+ Kxf7 59. Kd7 g1Q 60. e8Q+ 1/2-1/2